| 000 | 00398nam a22001577a 4500 | ||
|---|---|---|---|
| 003 | SGT | ||
| 020 | _a9789382428862 | ||
| 082 |
_a610.7362 _bC15V |
||
| 100 | _aVERMA, SUNIL | ||
| 245 | _aCLINICAL / PRACTICAL EXPERIENCE LOGBOOK FOR NURSING CHILD HEALTH | ||
| 250 | _a1ST | ||
| 260 |
_aINDIA _bKUMAR PUBLISHING HOUSE _c2015 |
||
| 300 | _a42 | ||
| 650 | _aCHILD HEALTH NURSING | ||
| 942 |
_2ddc _cBK |
||
| 999 |
_c21369 _d21369 |
||